| 000 | 00474cam a22001337a 4500 | ||
|---|---|---|---|
| 008 | 180718b1998 xxu||||| |||| 00| 0 eng d | ||
| 082 | _aA81x54 91I | ||
| 100 | _aCensus of India 1991 | ||
| 245 | _aAvailability of infrastructural facilities in rural areas of India: an analysis of village directory data | ||
| 260 |
_aDelhi _bThe Controller of Publications _c1998 |
||
| 300 | _a163p. | ||
| 440 | _aCensus of India 1991 | ||
| 650 | _aCensus - Infrastructure (Economics) - India | ||
| 999 |
_c486619 _d486619 |
||